| 000 | 02065nam a2200481 i 4500 | ||
|---|---|---|---|
| 001 | DIGDYK3350 | ||
| 003 | NyNyDIG | ||
| 007 | cr ||||||||||| | ||
| 008 | 240709s2023 sp ob 001 0 spa d | ||
| 006 | m o d | ||
| 035 | _a(OCoLC)1449536403 | ||
| 040 |
_aDGITA _beng _erda _epn _cDGITA |
||
| 020 |
_a9788411708920 _qelectrónico |
||
| 020 | _z9788411707404 | ||
| 043 | _ae-it--- | ||
| 050 | 1 | 4 | _aJN265.B5932 ebook |
| 100 | 1 |
_aBobbio, Norberto, _d1909-2004, _eauthor. |
|
| 245 | 1 | 0 |
_aCartas sobre socialismo y democracia, 1978-2000 / _cNorberto Bobbio, Gregorio Peces-Barba ; introducción y edición de Mario G. Losano ; traducción de Francisco Javier Ansuátegui Roig. |
| 264 | 1 |
_aMadrid : _bDykinson, S.L., _c[2023] |
|
| 300 | _a1 online resource. | ||
| 336 |
_atext _btxt _2rdacontent |
||
| 337 |
_acomputer _bc _2rdamedia |
||
| 338 |
_aonline resource _bcr _2rdacarrier |
||
| 347 |
_atext file _2rdaft |
||
| 347 | _bPDF | ||
| 490 | 1 | _aColección Derechos humanos y filosofía del derecho | |
| 504 | _aIncludes bibliographical references and index. | ||
| 588 | 0 | _aOnline resource; title from PDF title page (Digitalia, viewed July 9, 2024) | |
| 600 | 1 | 0 |
_aBobbio, Norberto, _d1909-2004 _vCorrespondence. |
| 600 | 1 | 0 |
_aPeces-Barba Martínez, Gregorio, _d1938- _vCorrespondence. |
| 650 | 0 |
_aPolitical scientists _zItaly _vCorrespondence. |
|
| 650 | 0 | _aSocialism. | |
| 700 | 1 |
_aPeces-Barba Martínez, Gregorio, _d1938- _eauthor. |
|
| 700 | 1 |
_aLosano, Mario G., _econtributor agent of text. |
|
| 700 | 1 |
_aAnsuátegui Roig, Francisco Javier, _etranslator. |
|
| 791 | 2 |
_aDigitalia (Firm), _edistributor. |
|
| 793 | 0 |
_gDigitalia eBook Collection: _aDykinson Editorial |
|
| 776 | 0 | 8 |
_iPrint version: _aBobbio, Norberto, 1909-2004. _tCartas sobre socialismo y democracia, 1978-2000. _dMadrid : Dykinson, S.L., [2023] _z9788411707404 |
| 830 | 0 | _aColección Derechos humanos y filosofía del derecho. | |
| 856 | 4 | 0 |
_3Digitalia Hispánica _uhttps://www.digitaliapublishing.com/a/144039/ |
| 910 | _aPremium collection: 2024 | ||
| 942 | _cRAA | ||
| 999 |
_c285499 _d285499 |
||